Central Library OPAC University of Rajshahi

Price warfare in business competition: (Record no. 44374)

MARC details
000 -LEADER
fixed length control field 01359nam a2200277 a 4500
001 - CONTROL NUMBER
control field 44374
003 - CONTROL NUMBER IDENTIFIER
rucl marc code BD-RjUL
005 - DATE AND TIME OF LATEST TRANSACTION
control field 20211209053838.0
008 - FIXED-LENGTH DATA ELEMENTS--GENERAL INFORMATION
fixed length control field 160717s1963 miu b s000 0 eng
035 ## - SYSTEM CONTROL NUMBER
System control number (BD-RjUL)44492
040 ## - CATALOGING SOURCE
Original cataloging agency DLC
Transcribing agency WSU
Modifying agency SER
-- OCLCG
-- STF
-- AU@
-- IXA
-- OJ#
-- MYG
-- BD-RjUL
Language of cataloging eng
041 ## - LANGUAGE CODE
Language code of text/sound track or separate title eng
082 04 - DEWEY DECIMAL CLASSIFICATION NUMBER
Edition number 23
Classification number 338.6048
Author mark and year CAP 1963
100 1# - MAIN ENTRY--PERSONAL NAME
Personal name Cassady, Ralph,
Dates associated with a name 1900-1978.
9 (RLIN) 136200
245 10 - TITLE STATEMENT
Title Price warfare in business competition:
Remainder of title a study of abnormal competitive behavior /
Statement of responsibility, etc. Ralph Cassady, Jr.
260 ## - PUBLICATION, DISTRIBUTION, ETC. (IMPRINT)
Place of publication, distribution, etc. East Lansing:
Name of publisher, distributor, etc. Bureau of Business and Economic Research, Graduate School of Business Administration, Michigan State University,
Date of publication, distribution, etc. 1963.
300 ## - PHYSICAL DESCRIPTION
Pagination 97 p. ;
Size 26 cm.
490 1# - SERIES STATEMENT
Series statement Bureau of Business and Economic Research, Michigan State University. Occasional paper
Volume/sequential designation no. 11
504 ## - BIBLIOGRAPHY, ETC. NOTE
Bibliography, etc Bibliographical footnotes.
Bibliography, etc Bibliography: p. 97.
650 #0 - SUBJECT ADDED ENTRY--TOPICAL TERM
Topical term or geographic name as entry element Competition.
9 (RLIN) 130673
Topical term or geographic name as entry element Price cutting.
9 (RLIN) 136201
776 08 - ADDITIONAL PHYSICAL FORM ENTRY
Relationship information Online version:
Main entry heading Cassady, Ralph, 1900-
Title Price warfare in business competition.
Place, publisher, and date of publication East Lansing, Bureau of Business and Economic Research, Graduate School of Business Administration, Michigan State University, 1963
Record control number (OCoLC)606334254
830 #0 - SERIES ADDED ENTRY--UNIFORM TITLE
Uniform title Occasional paper (Michigan State University. Bureau of Business and Economic Research) ;
Volume number/sequential designation no. 11.
942 ## - ADDED ENTRY ELEMENTS (KOHA)
Source of classification or shelving scheme Dewey Decimal Classification
Koha item type Books
Holdings
Lost status Source of classification or shelving scheme Damaged status Not for loan Collection code Permanent Location Current Location Shelving location Date acquired Source of acquisition Cost, normal purchase price Total Checkouts Full call number Date last seen Copy number Koha item type
  Dewey Decimal Classification     Non-fiction Central Library, University of Rajshahi Central Library, University of Rajshahi   06/06/1970 Zetlinger 47.60 47.60   338.6048 CAP 1963 17/07/2016 C-2 Books
  Dewey Decimal Classification   Not For Loan Non-fiction Central Library, University of Rajshahi Central Library, University of Rajshahi Reading Room 06/06/1970 Zetlinger 47.60 47.60   338.6048 CAP 1963 18/07/2016 C-1 Books